000 00407nam a2200181Ia 4500
001 12927
005 20260306163016.0
008 260306t2012||||xx |||||||||||||| ||spa||
041 _aESP
082 _aRD 463
_bL26 2012
100 _aLarousse
_eAUT
245 0 _aLarousse diccionario enciclopédico
260 _c2012
300 _a
_c
650 _aGEN
654 _aCHU
942 _cDIC
_dJUS
_fJUS
_2ddc
_n
999 _c12927
_d12927